Top 20 Driest Countries - Statistics

General Stats
  • This quiz has been taken 75 times
  • The average score is 16 of 20
Answer Stats
Rain mm/year Answer % Correct
18 Egypt
98%
59 Saudi Arabia
95%
125 Oman
94%
74 Qatar
94%
111 Jordan
92%
167 Yemen
92%
228 Iran
91%
216 Iraq
91%
56 Libya
91%
78 United Arab Emirates
91%
89 Algeria
89%
83 Bahrain
89%
121 Kuwait
86%
92 Mauritania
86%
151 Niger
83%
207 Tunisia
83%
161 Turkmenistan
66%
206 Uzbekistan
63%
220 Djibouti
61%
228 Cape Verde
16%
No matching quizzes found
Score Distribution
Percent of People with Each Score
Percentile by Number Answered
Your Score History
You have not taken this quiz